|
|
|
|
| LEADER |
01232nam a22003017a 4500 |
| 001 |
33362 |
| 003 |
BD-DhAAL |
| 005 |
20250625103232.0 |
| 008 |
180714t1980 uk a|||| b||| 00| 0 eng d |
| 020 |
|
|
|a 0946688508
|
| 020 |
|
|
|a 9780946688500
|
| 040 |
|
|
|a BD-DhAAL
|
| 082 |
|
|
|a 628.72
|2 23
|
| 100 |
|
|
|a Jordan, Thomas D.
|9 27052
|
| 245 |
|
|
|a A handbook of gravity-flow water systems :
|b for small communities /
|c Thomas D Jordan.
|
| 260 |
|
|
|a London :
|b Intermediate Technology,
|c c1980.
|
| 300 |
|
|
|a 240 pages :
|b iliustrations ;
|c 21 cm.
|
| 504 |
|
|
|a Includes bibliographical references
|
| 526 |
|
|
|a ARC
|
| 541 |
|
|
|a Department of Architecture
|e 33362
|
| 650 |
|
|
|a Developing countries.
|9 27053
|
| 650 |
|
|
|a Water-supply engineering.
|9 27054
|
| 650 |
|
|
|a Water--Distribution.
|9 27055
|
| 650 |
|
|
|a Architecture.
|
| 852 |
|
|
|a Department of Architecture
|c General Stacks
|
| 942 |
|
|
|2 ddc
|c BK
|
| 999 |
|
|
|c 39715
|d 39715
|
| 952 |
|
|
|0 0
|1 1
|2 ddc
|4 0
|6 628_720000000000000_JOR
|7 0
|9 63742
|a ARC
|b ARC
|c GEN
|d 2018-07-14
|e Department of Architecture
|l 0
|o 628.72 JOR
|p 3010033362
|r 2018-07-14
|t 1
|w 2018-07-14
|y BK
|x lost from the ARC department library and approved by the Dean (reasons personal books withdrawn by Hasibul Kabir Sir and Building shifting)
|